| 000 | 00366nam a2200145Ia 4500 | ||
|---|---|---|---|
| 008 | 230312s9999||||xx |||||||||||||| ||und|| | ||
| 020 | _a1-59822-024-7 | ||
| 082 |
_a006.696 _bWAR-E |
||
| 100 | _aAsbury;Stephen | ||
| 245 | 0 | _aDeveloping Java Enterprise Applications | |
| 260 |
_bWordware _aUSA _c2007 |
||
| 300 | _a959 | ||
| 650 |
_aComputer _vComputer |
||
| 942 | _cBK | ||
| 999 |
_c15450 _d15450 |
||